| 000 | 00802nam a22002057a 4500 | ||
|---|---|---|---|
| 999 |
_c9781 _d9781 |
||
| 003 | AR-CdUCM | ||
| 008 | 190328b ||||| |||| 00| 0 spa d | ||
| 040 |
_aMUNICIPALIDAD PROVINCIAL DEL CUSCO _cBIBLIOTECA MUNICIPAL DEL CUSCO |
||
| 082 |
_a869.56 _bD75 L / 1949 |
||
| 100 |
_aDIez Canseco, Jose _98262 |
||
| 245 | _aLima : coplas y guitarras / | ||
| 260 |
_aLima : _bCía. de Impresiones y Publicidad, _c1949. |
||
| 300 |
_a140 paginas ; _bIlustraciones, _c21 cm. |
||
| 505 | _aContenido :Lima coplas y guitarras -- La plazuela del señor de los turrones -- El santo de un viajo limeño -- Dos guitarras y unas nostalgias -- La celda de Santa Rosa... | ||
| 650 |
_aCuentos peruanos _926221 |
||
| 650 |
_aSiglo XX _98 |
||
| 650 |
_aCuentos de costumbres _934 |
||
| 942 |
_2ddc _cLIBROS |
||
| 945 | _awnts | ||